000 00888nam a2200253Ia 4500
003 OSt
005 20220923225237.0
006 a|||||r|||| 00| 0
007 ta
008 220922b |||||||| |||| 00| 0 hin d
024 _a261,166
037 _cTextual
040 _aARTS
_cARTS
_bhin
041 _2hin
_ahin
082 _aO152,3:g, L2
100 _aजैन, रवीन्द्रकुमार
245 0 _aउपन्यास
_b सिद्वान्त और संरचना
246 _aUpanyāsa: sidvānta aur sanrachanā
260 _aदिल्ली
_b नेशनल पब्लिशिंग हाउस
_c1972
300 _a211पृ.
_ccm.
650 _aहिन्दी साहित्य
_9156264
942 _hO152,3:g, L2
_cTEXL
_2CC
999 _c376980
_d376980